Áp dụng kỹ thuật mới trong ấp trứng gia cầm : Đạt hiệu quả cao

Sách cung cấp những vấn đề cơ bản về trứng gia cầm. Qua đó, sách nêu lên quy trình kỹ thuật ấp trứng gia cầm bằng máy ấp công nghiệp cũng như cách làm thế nào để sản xuất gia cầm con 1 ngày tuổi chất lượng cao....

全面介紹

Đã lưu trong:
書目詳細資料
主要作者: Bùi, Đức Lũng
格式: 圖書
語言:Undetermined
出版: Hà Nội Nông nghiệp 2011
主題:
標簽: 添加標簽
沒有標簽, 成為第一個標記此記錄!
Thư viện lưu trữ: Trung tâm Học liệu Trường Đại học Cần Thơ
LEADER 01022nam a2200229Ia 4500
001 CTU_214962
008 210402s9999 xx 000 0 und d
020 |c 31200 
082 |a 636.5142 
082 |b L513 
100 |a Bùi, Đức Lũng 
245 0 |a Áp dụng kỹ thuật mới trong ấp trứng gia cầm : 
245 0 |b Đạt hiệu quả cao 
245 0 |c Bùi Đức Lũng 
260 |a Hà Nội 
260 |b Nông nghiệp 
260 |c 2011 
520 |a Sách cung cấp những vấn đề cơ bản về trứng gia cầm. Qua đó, sách nêu lên quy trình kỹ thuật ấp trứng gia cầm bằng máy ấp công nghiệp cũng như cách làm thế nào để sản xuất gia cầm con 1 ngày tuổi chất lượng cao. 
650 |a Poultry,Chickens eggs,Gia cầm,Trứng gà 
650 |x Breeding,Chăn nuôi 
904 |i Qhieu 
980 |a Trung tâm Học liệu Trường Đại học Cần Thơ